Personal mental hygiene, (Record no. 90541)

MARC details
000 -LEADER
fixed length control field 00711cam a22002411 4500
001 - CONTROL NUMBER
control field sg 45000058
003 - CONTROL NUMBER IDENTIFIER
control field DLC
005 - DATE AND TIME OF LATEST TRANSACTION
control field 20260227112745.0
008 - FIXED-LENGTH DATA ELEMENTS--GENERAL INFORMATION
fixed length control field 790305s1944 nyua b 001 0 eng c
010 ## - LIBRARY OF CONGRESS CONTROL NUMBER
LC control number sg 45000058
035 ## - SYSTEM CONTROL NUMBER
System control number (OCoLC)4710696
040 ## - CATALOGING SOURCE
Original cataloging agency U.S. National Library of Medicine
Transcribing agency IPfsG
Modifying agency OCoLC
-- DLC
042 ## - AUTHENTICATION CODE
Authentication code premarc
050 00 - LIBRARY OF CONGRESS CALL NUMBER
Classification number RA790
Item number .M58
082 ## - DEWEY DECIMAL CLASSIFICATION NUMBER
Classification number 131.32
100 1# - MAIN ENTRY--PERSONAL NAME
Personal name Moore, Thomas Verner,
Dates associated with a name 1877-1969.
245 10 - TITLE STATEMENT
Title Personal mental hygiene,
Statement of responsibility, etc. by Dom Thomas Verner Moore ...
260 ## - PUBLICATION, DISTRIBUTION, ETC.
Place of publication, distribution, etc. New York,
Name of publisher, distributor, etc. Grune & Stratton,
Date of publication, distribution, etc. 1944.
300 ## - PHYSICAL DESCRIPTION
Extent vii, 331 p.
Other physical details diagrs.
Dimensions 22 cm.
500 ## - GENERAL NOTE
General note "First printing."
504 ## - BIBLIOGRAPHY, ETC. NOTE
Bibliography, etc. note Bibliographical foot-notes.
650 #0 - SUBJECT ADDED ENTRY--TOPICAL TERM
Topical term or geographic name entry element Mental health.

No items available.

Powered by Koha